A Censura à Imprensa (1820 - 1974) (Registo nº 198931)

Detalhes MARC
000 -Etiqueta do registo
Valores 00736nam 22002293 4500
010 ## - Número ISBN
ISBN 972-27-0570-9
021 ## - Número do Depósito Legal
Código do país Portugal
Número 62 353/93
100 ## - Dados gerais de processamento
Dados gerais 20251110d u||y0pory50 ba
101 ## - Língua de publicação
Língua Português
102 ## - País de publicação
País Portugal
200 ## - Titulo e menção de responsabilidade
Título próprio A Censura à Imprensa (1820 - 1974)
Primeira menção de responsabilidade Graça Franco
210 ## - Publicação
Local de publicação [Lisboa]
Nome do editor Imprensa Nacional-Casa da Moeda
Data de publicação 1993
215 ## - Descrição física 
Paginação / Volumes 208, [4] p. : il.
Outras indicações físicas Brochado
Dimensões 21 cm
225 ## - Colecção 
Título próprio da colecção Symbolon
Menção de responsabilidade Direção de Prof. Doutor Artur Anselmo
606 ## - Nome comum usado como assunto
ID Autoridade 14840
Palavra de ordem Ciências Sociais
Subdivisão assunto Administração Pública. Censura
675 ## - CDU
Notação 351.751(469)/FRA/CEN
Edição PT
Língua por
700 ## - Autor principal (pessoa individual)
ID Autoridade 14841
Apelido Franco
Nome Graça
801 ## - Fonte de origem
País PT
Agência BMMN
Regras de catalogação RPC
830 ## - Notas gerais do catalogador
Criado por Carlos Pinto
Data de criação 10-11-2025
Indexado por Carlos Pinto
990 ## - Elementos KOHA
Tipo de documento Livro
Exemplares
Situação do levantamento Biblioteca de origem Código de barras Cota Permissão de empréstimo Tipo de documento Forma de aquisição
  Escola Secundária de Montemor-o-Novo 27552 351.751(469)/FRA/CEN   Livro Oferta

Powered by Koha